[Event "Sochi (Women)"]
[Site "Sochi"]
[Date "1987.10.09"]
[Round "8"]
[White "Saulina, Ludmila"]
[Black "Polnarieva, Larisa"]
[Result "1/2-1/2"]
[WhiteElo "2200"]
[BlackElo "2230"]
[PlyCount "81"]
[EventDate "1987.10.02"]
[EventType "tourn"]
[EventRounds "15"]
[EventCountry "URS"]
[EventCategory "1"]
[SourceTitle "EXT 2002"]
[Source "ChessBase"]
[SourceDate "2001.11.25"]
[SourceVersion "1"]
[SourceVersionDate "2001.11.25"]
[SourceQuality "1"]

1. e4 Nf6 2. e5 Nd5 3. d4 d6 4. Nf3 g6 5. Bc4 Nb6 6. Bb3 Bg7 7. Ng5 d5 8. f4 f6 9. Nf3 Bg4 10. 0-0 0-0 11. Nbd2 Nc6 12. c3 Kh8 13. a4 a5 14. h3 Bxf3 15. Nxf3 Qd7 16. Qe1 Nd8 17. exf6 exf6 18. Bc2 f5 19. Ne5 Qe6 20. b3 Nd7 21. Qh4 Nf7 22. Ba3 Nd6 23. Rae1 Qf6 24. Qg3 Rfd8 25. Bxd6 cxd6 26. Nxd7 Rxd7 27. Re3 Re7 28. Rfe1 Rae8 29. Qf3 Rxe3 30. Rxe3 Rxe3 31. Qxe3 Bf8 32. Bd1 Qe7 33. Qxe7 Bxe7 34. Bf3 Bh4 35. Bxd5 b6 36. Kf1 Bg3 37. Ke2 Bxf4 38. Kd3 Kg7 39. Kc4 Bd2 40. b4 Kf6 41. Kd3 1/2-1/2

[Event "Sochi (Women)"]
[Site "Sochi"]
[Date "1987.10.03"]
[Round "2"]
[White "Saulina, Ludmila"]
[Black "Szmacinska, Grazyna"]
[Result "1/2-1/2"]
[WhiteElo "2200"]
[BlackElo "2250"]
[PlyCount "64"]
[EventDate "1987.10.02"]
[EventType "tourn"]
[EventRounds "15"]
[EventCountry "URS"]
[EventCategory "1"]
[SourceTitle "EXT 2002"]
[Source "ChessBase"]
[SourceDate "2001.11.25"]
[SourceVersion "1"]
[SourceVersionDate "2001.11.25"]
[SourceQuality "1"]

1. e4 e5 2. Nf3 Nc6 3. Bb5 a6 4. Ba4 d6 5. Bxc6+ bxc6 6. d4 f6 7. Nc3 Ne7 8. Be3 Ng6 9. Qd2 Be7 10. h4 h5 11. dxe5 fxe5 12. Ng5 Bd7 13. 0-0-0 Bxg5 14. Bxg5 Qb8 15. Rdf1 Qb4 16. g3 0-0 17. f4 exf4 18. gxf4 Bg4 19. Rhg1 Rf7 20. a3 Qa5 21. Qd3 Raf8 22. e5 Nxf4 23. Bxf4 Rxf4 24. Rxf4 Rxf4 25. exd6 cxd6 26. Qxd6 Qf5 27. Qxc6 Rf1+ 28. Rxf1 Qxf1+ 29. Kd2 Qf2+ 30. Kd3 Qf1+ 31. Kd2 Qf2+ 32. Kd3 Qf1+ 1/2-1/2

[Event "Sochi (Women)"]
[Site "Sochi"]
[Date "1987.10.02"]
[Round "1"]
[White "Levitina, Irina S"]
[Black "Saulina, Ludmila"]
[Result "1/2-1/2"]
[WhiteElo "2350"]
[BlackElo "2200"]
[PlyCount "84"]
[EventDate "1987.10.02"]
[EventType "tourn"]
[EventRounds "15"]
[EventCountry "URS"]
[EventCategory "1"]
[SourceTitle "EXT 2002"]
[Source "ChessBase"]
[SourceDate "2001.11.25"]
[SourceVersion "1"]
[SourceVersionDate "2001.11.25"]
[SourceQuality "1"]

1. d4 Nf6 2. Nf3 c5 3. d5 e6 4. Nc3 d6 5. dxe6 Bxe6 6. e4 Be7 7. Bb5+ Nbd7 8. a4 a6 9. Be2 Ne5 10. 0-0 0-0 11. h3 h6 12. Re1 Nc6 13. Bf4 Nb4 14. Bf1 d5 15. exd5 Nbxd5 16. Nxd5 Nxd5 17. Be5 Re8 18. Bc4 Qd7 19. a5 Rad8 20. c3 Qc6 21. Qb3 Nc7 22. Bxc7 Bxc4 23. Qb6 Qxb6 24. Bxb6 Rc8 25. Ne5 Be6 26. Rad1 Bd8 27. Nc4 Bxb6 28. Nxb6 Rcd8 29. c4 Kf8 30. f3 Rxd1 31. Rxd1 Ke7 32. Nd5+ Bxd5 33. Rxd5 Rc8 34. Kf2 Rc6 35. Ke3 b6 36. axb6 Rxb6 37. Rd2 Ke6 38. Re2 Rd6 39. b3 Kd7 40. Ra2 Kc7 41. Ra1 Kb6 42. h4 h5 1/2-1/2